000 00700nam a2200217Ii 4500
003 JO-AjNU
008 230605s9999||||xx |||||||||||||| ||und||
017 _a2009/7/2928
040 _aJO-AjNU
_bara
_erda
_cJO-AjNU
041 _aara
050 1 4 _aPQ2605.A3734.E812 2009
100 3 _aترجمة إدريس، عايدة مطرجي,
_eauthor
_947628
245 0 0 _aالغريب وقصص أخرى
264 3 1 _aعمان: وزارة الثقافة، 2009
300 _a256ص
336 _atext
_btxt
_2rdacontent
337 _aunmediated
_bn
_2rdamedia
338 _avolume
_bnc
_2rdacarrier
490 0 _aسلسلة القصص العالمية
650 4 _aالأدب العربي - قصص
_947629
999 _aA20804
_c24372
_d24372